Self-vulcanizable rubber blends based on epoxidized natural rubber and chlorosulphonated polyethylene - rheological behaviour (Record no. 68596)

MARC details
000 -LEADER
fixed length control field 00398nam a2200121Ia 4500
100 ## - MAIN ENTRY--AUTHOR NAME
Personal name Mukhopadhyay S
245 #0 - TITLE STATEMENT
Title Self-vulcanizable rubber blends based on epoxidized natural rubber and chlorosulphonated polyethylene - rheological behaviour
260 ## - PUBLICATION, DISTRIBUTION, ETC. (IMPRINT)
Name of publisher Kautschuk Gummi Kunststoffe
Year of publication 1999
300 ## - PHYSICAL DESCRIPTION
Number of Pages 80-90
700 ## - ADDED ENTRY--PERSONAL NAME
Personal name Gupta B R
942 ## - ADDED ENTRY ELEMENTS (KOHA)
Koha item type Journals
Holdings
Withdrawn status Lost status Damaged status Not for loan Home library Current library Shelving location Date acquired Serial Enumeration / chronology Koha item type
      Journals RRII Library RRII Library Rubber chemistry 17/12/2021 Volume 52, Issue 2 Journals